Normal view
MARC view
Entry Personal Name
001 - CONTROL NUMBER
- control field: 20007
003 - CONTROL NUMBER IDENTIFIER
- control field: ARRUPE
005 - DATE AND TIME OF LATEST TRANSACTION
- control field: 20150930153859.0
008 - FIXED-LENGTH DATA ELEMENTS
- fixed length control field: 150930|| aca||aabn | a|a d
040 ## - CATALOGING SOURCE
- Original cataloging agency: ARRUPE
- Transcribing agency: ARRUPE
100 ## - HEADING--PERSONAL NAME
- Personal name: Hickey, Raymond
670 ## - SOURCE DATA FOUND
- Source citation: Work cat.: (ARRUPE)25187: Hickey, Raymond, Modern missionary documents and Africa, 1982